000 00355nam a2200145Ia 4500
008 240624s9999 xx 000 0 und d
041 _aeng
082 _a300.72 FLI
100 _aFLICK UWE
245 _aINTRODUCING RESEARCH METHODOLOGY
250 _a(2nd ed.)
260 _c2015
_aNew Delhi
_bSage
300 _axxii, 295 p.; 23 cm.
365 _cRS
_b32
999 _c29541
_d29541